Estatísticas para Nomes dos Autores do Questionário Jetpunk

Clique aqui para jogar o quiz

Estatísticas Gerais

  • Esse quiz foi jogado 5 vezes
  • A pontuação média é 5 de 25

Estatísticas das Respostas

autor% Correto
Jerry{928}
75%
Geo{guy}
50%
kalbaha{mut}
50%
Wolf{Cam}
50%
CB{Temple}
25%
cosmo{kim}
25%
Jiao{zira}
25%
KoljiVri{Voda}
25%
Matt{punk}
25%
Quiz{master}
25%
Quizzer{6794}
25%
reless{ness}
25%
scambi{gol}
25%
Stew{art}
25%
buck{1017}
0%
Gamer{1162}
0%
Gassu{69}
0%
kat{sudk}
0%
kiwi{rage}
0%
Kv{kq}
0%
L{BA}
0%
mac{212121}
0%
mark{johan}
0%
sku{kka}
0%
Third{Party}
0%

Distribuição das Pontuações

Percentil de Números Respondidos

Porcentagem de Pessoas com Cada Pontuação

Sua Pontuação Histórica

Você não jogou esse quiz